[Event "Mittelrhein Verbandsliga-S 18/19"]
[Site "Nordrheinwestfalen"]
[Date "2018.12.16"]
[Round "5.8"]
[White "Mielk, Karsten"]
[Black "Celazade, Elwin"]
[Result "0-1"]
[WhiteElo "1751"]
[BlackElo "1812"]
[PlyCount "94"]
[EventDate "2018.09.02"]
[EventType "team-tourn"]
[EventRounds "11"]
[EventCountry "GER"]
[SourceTitle "EXT 2022"]
[Source "ChessBase"]
[SourceDate "2021.10.06"]
[SourceVersion "1"]
[SourceVersionDate "2021.10.06"]
[SourceQuality "1"]
[WhiteTeam "Niederkassel II"]
[BlackTeam "Satranc Club"]
[WhiteTeamCountry "GER"]
[BlackTeamCountry "GER"]

1. e4 e6 2. d4 d5 3. exd5 exd5 4. Bd3 Bd6 5. Qe2+ Ne7 6. Nf3 Bg4 7. h3 Bh5 8. g4 Bg6 9. Ne5 Bxe5 10. dxe5 Bxd3 11. Qxd3 Nbc6 12. f4 Qd7 13. Bd2 0-0-0 14. Na3 h5 15. g5 Qe6 16. 0-0-0 Nf5 17. h4 Nce7 18. c3 Ng6 19. Nb5 Kb8 20. Nd4 Nxd4 21. cxd4 Qg4 22. Rdg1 Nxf4 23. Bxf4 Qxf4+ 24. Kc2 Rhe8 25. Rf1 Qg4 26. Qd1 Qxd1+ 27. Kxd1 Rd7 28. Rf5 b6 29. Rhf1 Ree7 30. Kd2 c5 31. Kd3 Rc7 32. Rc1 Kb7 33. b3 Kc6 34. a4 Kd7 35. Ra1 Ke6 36. Raf1 Kd7 37. Rxf7 Ke6 38. Rxe7+ Rxe7 39. Rf8 Rf7 40. Rxf7 Kxf7 41. Kc3 a5 42. Kd3 Ke6 43. Kc3 cxd4+ 44. Kxd4 g6 45. Kd3 Kxe5 46. Ke3 d4+ 47. Kf3 Kf5 0-1